书目信息 |
| 题名: |
三角级数论
|
|
| 作者: | 陈建功 著 | |
| 分册: | 上册 | |
| 出版信息: | 上海 上海科学技术出版社 1964 |
|
| 页数: | 359页 | |
| 开本: | 20cm | |
| 丛书名: | ||
| 单 册: | ||
| 中图分类: | O174.21 , O156 | |
| 科图分类: | ||
| 主题词: | 三角级数 , 代数 , 数论 , 组合数学 | |
| 电子资源: | ||
| ISBN: | ||
| 000 | 00680nam0 2200277 45 | |
| 001 | 0179002026 | |
| 005 | 20040518084524.9 | |
| 010 | @dCNY1.30 | |
| 091 | @a13119.586 | |
| 100 | @a19950725e19791964em y0chiy0121 ea | |
| 101 | 0 | @achi |
| 102 | @aCN@b310000 | |
| 105 | @ay z 000yy | |
| 106 | @ar | |
| 200 | 10 | @a三角级数论@Asan jiao ji shu lun@h上册@f陈建功著 |
| 210 | @a上海@c上海科学技术出版社@d1964@h1979重印 | |
| 215 | @a359页@d20cm | |
| 606 | @a三角级数 | |
| 606 | 0 | @a代数 |
| 606 | 0 | @a数论 |
| 606 | 0 | @a组合数学 |
| 690 | @aO174.21@v3 | |
| 690 | @aO156 | |
| 701 | 0 | @a陈建功@Achen jian gong@4著 |
| 801 | 0 | @aCN@bNLC@c20040518 |
| 905 | @f1@b100192@dO156@e23:1 | |
| 三角级数论.上册/陈建功著.-上海:上海科学技术出版社,1964(1979重印) |
| 359页;20cm |
| ISBN :CNY1.30 |
| ● |
| 相关链接 |
|
|
|
|
正题名:三角级数论
索取号:O156/23:1
 
预约/预借
| 序号 | 登录号 | 条形码 | 馆藏地/架位号 | 状态 | 备注 |
| 1 | 0100192 | 000415161 | 第三借阅区/ [索取号:O156/23:1] | 在馆 | |
| 2 | 0100193 | 000415152 | 第二样本阅览室/ [索取号:O156/23:1] | 在馆 |